Las redes sociales y la importancia de la mediación política en el comercio en vía pública / Diana Alejandra Silva Londoño

Сохранить в:
Библиографические подробности
Главный автор: Silva Londoño, Diana Alejandra
Формат: Текст
Предметы:
Метки: Добавить метку
Нет меток, Требуется 1-ая метка записи!

MARC

LEADER 00000 a a2200000 04500
001 12432
003
040
100 |a Silva Londoño, Diana Alejandra  
245 |a Las redes sociales y la importancia de la mediación política en el comercio en vía pública /  |b Diana Alejandra Silva Londoño 
650 |a REDES SOCIALES  
650 |a COMERCIO  
650 |a POLITICA  
650 |a SECTOR INFORMAL  
650 |a LIDERAZGO  
650 |a INSTITUCIONES  
650 |a MEXICO  
773 |g volumen 15, número 30; páginas 79-99  
999 |c 26482  |d 26482